Plato & modern education,

Sparad:
Bibliografiska uppgifter
Huvudupphovsman: Livingstone, R. W. (Richard Winn), Sir, 1880-1960
Materialtyp: Bok
Språk:English
Publicerad: Cambridge [Eng.] New York, The University Press; Macmillan, 1944.
Ämnen:
LEADER 01006nam a22002651 4500
001 c000145357
003 CARM
005 00000000000000.0
008 760824s1944 enk 00000 eng
019 1 |a 1093742  |z 23170664  |z 53320334  |z 58095129  |5 LACONCORD2021 
035 |a (OCoLC)504515  |5 LACONCORD2021 
050 0 0 |a LB85.P7  |b L5 1944a 
100 1 |a Livingstone, R. W.  |q (Richard Winn),  |c Sir,  |d 1880-1960. 
245 1 0 |a Plato & modern education,  |c by Sir Richard Livingstone. The Rede lecture, 1944. 
260 |a Cambridge [Eng.]  |b The University Press;  |a New York,  |b Macmillan,  |c 1944. 
300 |a 35, [1] p.  |c 20 cm. 
600 0 0 |a Plato. 
650 0 |a Education  |x Aims and objectives. 
730 |a Rede lectures. 
852 8 |b CARM  |h A2:AM33A0  |i A02674  |p 0181740  |f BK 
082 0 |a 184 
082 0 |a 370.1 
082 0 |a 370.11 
999 f f |i bbae023c-1334-50dd-b73d-8826073be11f  |s e4735262-0925-5a48-9ca8-420f79c5ec40 
952 f f |p Can circulate  |a CAVAL  |b CAVAL  |c CAVAL  |d CARM 1 Store  |e A02674  |f A2:AM33A0  |h Other scheme  |i book  |m 0181740